Melbourne City Wrestling (MCW) World Champions - Statistics

General Stats
  • This quiz has been taken 11 times
    2 since last reset
  • The average score is 9 of 16
Answer Stats
Title # Last Won Champion % Correct
1 2022 Adam Brooks
100%
2 2024 Buddy Matthews
100%
2 2025 Caveman Ugg
100%
1 2017 Jonah Rock
100%
1 2023 Mitch Waterman
100%
1 2024 Ricky South
100%
1 2025 Robbie Thorpe
100%
3 2024 Slex
100%
1 2011 Danny Psycho
50%
1 2015 Carlo Cannon
0%
2 2018 Dowie James
0%
1 2016 Elliot Sexton
0%
2 2019 Gino Gambino
0%
1 2015 KrackerJak
0%
1 2014 Mike Petersen
0%
1 2017 TK Cooper
0%
No matching quizzes found
Score Distribution
Percent of People with Each Score
Percentile by Number Answered
Your Score History
You have not taken this quiz since the last reset